国家一级博物馆(华东南部篇)China national first-class museums - Statistics

General Stats
  • This quiz has been taken 26 times
  • The average score is 26 of 55
Answer Stats
省份 地市 国家一级博物馆 % Correct
上海 - 上海博物馆
96%
福建 福州 福建博物院
92%
浙江 杭州 浙江省博物馆
88%
浙江 ** 宁波博物馆
84%
福建 ** 厦门市博物馆
84%
浙江 ** 杭州博物馆
80%
江西 南昌 江西省博物馆
80%
江西 景德镇 景德镇中国陶瓷博物馆
80%
浙江 ** 嘉兴博物馆
76%
江西 ** 赣州市博物馆
76%
浙江 杭州 中国丝绸博物馆
72%
浙江 ** 温州博物馆
72%
浙江 ** 绍兴博物馆
68%
江西 吉安 井冈山革命博物馆
68%
江西 ** 九江市博物馆
68%
上海 - 中国共产党第一次全国代表大会会址纪念馆
60%
浙江 杭州 杭州西湖博物馆总馆
60%
浙江 ** 舟山博物馆
60%
上海 - 上海科技馆
56%
浙江 ** 丽水市博物馆
56%
江西 ** 吉安市博物馆
56%
江西 ** 上饶市博物馆
56%
江西 ** 萍乡博物馆
52%
浙江 嘉兴 南湖革命纪念馆
48%
江西 赣州 瑞金中央革命根据地纪念馆
48%
上海 - 中国航海博物馆
44%
浙江 宁波 宁波中国港口博物馆
44%
福建 泉州 中国闽台缘博物馆
44%
浙江 杭州 良渚博物院
40%
江西 九江 江西省庐山博物馆
40%
浙江 杭州 中国茶叶博物馆
36%
浙江 宁波 宁波市天一阁博物馆
36%
福建 厦门 华侨博物院
36%
上海 - 上海市历史博物馆
32%
上海 - 上海市奉贤区博物馆
32%
浙江 杭州 中国水利博物馆
32%
浙江 杭州 浙江大学艺术与考古博物馆
32%
福建 龙岩 古田会议纪念馆
32%
江西 南昌 南昌汉代海昏侯国遗址博物馆
32%
上海 - 上海鲁迅纪念馆
28%
上海 - 嘉定博物馆
28%
浙江 杭州/湖州 浙江自然博物院
28%
江西 南昌 八大山人纪念馆
28%
江西 景德镇 景德镇御窑博物院
28%
上海 - 陈云纪念馆
24%
上海 - 上海大学博物馆
24%
浙江 杭州 杭州工艺美术博物馆
24%
福建 泉州 泉州海外交通史博物馆
24%
福建 龙岩 中央苏区(闽西)历史博物馆
24%
上海 - 钱学森图书馆
20%
浙江 杭州 杭州市临平博物馆
20%
浙江 杭州 杭州市萧山跨湖桥遗址博物馆
20%
江西 南昌 江西省革命烈士纪念堂
20%
江西 赣州 于都中央红军长征集结出发历史博物馆
20%
上海 - 上海市龙华烈士纪念馆
16%
No matching quizzes found
Score Distribution
Percent of People with Each Score
Percentile by Number Answered
Your Score History
You have not taken this quiz